| 000 | 01810nam a22002297a 4500 | ||
|---|---|---|---|
| 001 | 9637 | ||
| 003 | FISKH | ||
| 005 | 20260127100706.0 | ||
| 008 | 260127b cb ||||| |||| 00| 0 eng d | ||
| 020 | _a9781728210292 | ||
| 040 |
_aFISKH _beng _cFISKH _dFISKH |
||
| 050 | _aPZ7.1 .W362 .S | ||
| 082 | _a813.6 LCC | ||
| 100 | _aWalther, K. L. | ||
| 245 |
_aThe summer of broken rules / _cK. L. Walther |
||
| 260 |
_aIllinois : _bSource Book Fire, _c2021. |
||
| 300 |
_a359 pages : _c20 cm |
||
| 520 | _a Meredith's family's annual game of assassin at Martha's Vineyard during a summer wedding is the perfect chance to honor her sister's legacy, and finally join the world again. But when she forms an alliance with a cute groomsman, she's at risk of losing both the game . . . and her heart. When Meredith Fox lost her sister, Claire, eighteen months ago, she shut everyone out. But this summer she's determined to join the world again. The annual family vacation to Martha's Vineyard seems like the perfect place to reconnect. Her entire extended family is gathering for a big summer wedding, and although Meredith is dateless after being unexpectedly dumped, she's excited to participate in the traditional Fox family game of assassin that will take place during the week of wedding festivities. Claire always loved the game, and Meredith is determined to honor her legacy. But when Meredith forms an assassin alliance with a cute groomsman, she finds herself getting distracted. Meredith tries to focus on the game and win it for her sister, but she can't help falling for him. And as the week progresses, she realizes she's not only at risk of losing the game, but also her heart. | ||
| 650 |
_aContemporary Romance _vMartha's Vineyard _xBeach Read _yYoung Adult |
||
| 942 |
_2ddc _cBK _n0 |
||
| 999 |
_c9637 _d9637 |
||